00472nam a2200169Ia 4500999001700000003000400017005001700021008004100038040000900079082001800088100003400106245005100140260004000191300000900231650002000240942004200260 c22100d22100OSt20200320152115.0190216s9999||||xx |||||||||||||| ||und|| coclc a297.63bHAY/L aHaykal, Muhammad Husayn91882 4aThe Life Of Muhammad /cMuhammad Husayn Haykal bCrescent Publishing,c1976.aDelhi: a632p aIslamic History cBK2ddch297.63iHAY/Lk297.63mHAY/L